[Event "18th Chefchaouen Open 2019"]
[Site "Chefchaouen"]
[Date "2019.07.16"]
[Round "3.2"]
[White "Salaka, Youssef"]
[Black "Levin, Evgeny A."]
[Result "1-0"]
[WhiteElo "2105"]
[BlackElo "2504"]
[Annotator "ChessBase"]
[PlyCount "39"]
[EventDate "2019.07.15"]
[EventType "swiss"]
[EventCountry "MAR"]
[SourceTitle "playchess.com"]
[Source "ChessBase"]
[SourceQuality "1"]
[TimeControl "5400+30"]

1. e4 {[%emt 0:02:39]} c5 {[%emt 0:01:26]} 2. Nf3 {[%emt 0:00:17]} d6 {[%emt 0:00:04]} 3. Bb5+ {[%emt 0:00:15]} Nd7 {[%emt 0:00:07]} 4. O-O {[%emt 0:00:13]} a6 {[%emt 0:00:17]} 5. Bxd7+ {[%emt 0:00:09]} Bxd7 {[%emt 0:00:05]} 6. Re1 {[%emt 1:29:27]} Nf6 {[%emt 0:00:52]} 7. c3 {[%emt 0:00:49]} Bg4 {[%emt 0:11:12]} 8. h3 {[%emt 0:06:02]} Bh5 {[%emt 0:02:08]} 9. d3 {[%emt 0:02:42]} e6 {[%emt 0:01:33]} 10. Nbd2 {[%emt 0:00:17]} Be7 {[%emt 0:07:38]} 11. a4 {[%emt 0:00:27]} O-O {[%emt 0:04:34]} 12. Nf1 {[%emt 0:05:05]} Nd7 {[%emt 0:05:31]} 13. Ng3 {[%emt 0:00:22]} Bg6 {[%emt 0:15:24]} 14. a5 {[%emt 0:02:57]} Qc7 {[%emt 0:02:52]} 15. d4 {[%emt 0:11:15]} cxd4 {[%emt 0:01:31]} 16. cxd4 {[%emt 0:00:39]} b6 {[%emt 0:02:32]} 17. Bd2 {[%emt 0:02:10]} Rfb8 {[%emt 0:09:28]} 18. Re3 {[%emt 0:13:02]} bxa5 {[%emt 0:04:07]} 19. Bxa5 {[%emt 0:00:47]} Qb7 {[%emt 0:28:09]} 20. Rc3 {[%emt 0:05:38]} 1-0

[Event "18th Chefchaouen Open 2019"]
[Site "Chefchaouen"]
[Date "2019.07.16"]
[Round "3.3"]
[White "Flom, Gabriel"]
[Black "Chennaoui, Yasin"]
[Result "1-0"]
[WhiteElo "2494"]
[BlackElo "2092"]
[Annotator "TA"]
[PlyCount "94"]
[EventDate "2019.07.15"]
[EventType "swiss"]
[EventCountry "MAR"]
[SourceTitle "playchess.com"]
[Source "ChessBase"]
[SourceQuality "1"]

{[%evp 18,94,48,43,56,31,36,31,134,125,134,139,226,216,218,182,224,223,514,498,1093,402,389,384,335,154,145,152,149,151,144,127,139,75,82,12,18,26,19,8,8,8,8,8,8,8,8,8,8,8,8,0,554,534,991,992,975,967,781,776,1116,1063,1452,1370,5257,4399,29981,29982,29982,29983,29982,29983,29985,29986,29986,29985,29988,29989,29989]} 1. d4 d6 2. e4 Nf6 3. Nc3 e5 4. Nf3 Nbd7 5. Bc4 Be7 6. a4 O-O 7. O-O a5 8. h3 c6 9. Re1 Qc7 10. Be3 Re8 {C41: Philidor Defence} (10... Nb6 11. Ba2 Nfd7 12. Qe2 Bf6 13. d5 Be7 14. Rad1 Nf6 15. Nd2 Bd7 16. Nc4 Nxc4 17. Qxc4 Rac8 18. Qb3 cxd5 {1-0 (80) Howell,D (2644)-Maghsoodloo,P (2584) Doha 2016}) 11. Ng5 Rf8 12. f4 exd4 $146 (12... b6 $14) ({Predecessor:} 12... h6 13. Nf3 d5 14. dxe5 Nxe4 15. Nxe4 dxe4 16. Nd2 Nb6 17. Bb3 {1-0 (38) Godena,M (2497)-Genocchio,D (2439) Civitanova Marche 2016}) 13. Bxd4 $16 ({Don't play} 13. Qxd4 $6 h6 $14) 13... d5 14. exd5 Bd6 (14... Bb4 $16) 15. dxc6 bxc6 16. Qd3 {aiming for Nce4.} Bxf4 {[#]} 17. Nxf7 $1 {Threatens to win with Re7.} Rxf7 $2 (17... Nb6) 18. Re7 $1 $18 {[%cal Re7f7][%mdl 64] Pin} Ne5 (18... Ba6 $142 19. Rxf7 Bxc4 20. Qxc4 Ne5) 19. Bxf7+ (19. Rxc7 $142 Nxd3 20. Rxf7) 19... Kf8 20. Rxc7 {[%cal Rd4c5]} Nxd3 21. cxd3 (21. Rxc6 $18 {is more deadly.} Nb4 22. Rxf6 gxf6 23. Bb3) 21... Bxc7 $16 22. Bc4 Ba6 23. Bc5+ Ke8 24. Re1+ Kd8 25. Bf7 (25. Bxa6 $142 Rxa6 26. Kf1) 25... Rb8 26. Bf8 ({White should play} 26. b3 $16) 26... Bb6+ 27. Kh1 Rb7 28. Bc4 Bxc4 29. dxc4 Bd4 30. Rd1 Rd7 {White must now prevent ...Bxc3.} 31. Bxg7 {And now Rxd4! would win.} Bxc3 $1 32. Rxd7+ Kxd7 33. bxc3 $11 {[%mdl 4096] Endgame KB-KN} Ne4 34. Bd4 {next c5 is good for White.} Nd2 $2 {[%mdl 8192] [#]} (34... c5 $11 {and Black stays safe.} 35. Bg7 Nf2+ 36. Kg1 Nd3) 35. c5 $1 $18 Ke6 36. g4 Kd5 37. Kg2 Ke4 38. Kg3 Nf1+ 39. Kh4 Nh2 40. Kg5 Kf3 41. Kh6 Nxg4+ 42. hxg4 {White mates.} Kxg4 {KB-K3P} 43. Be5 Kf5 44. Bc7 Ke4 45. Bxa5 Kd5 46. Bb4 Kc4 47. Kxh7 Kd5 {Accuracy: White = 57%, Black = 34%.} 1-0

[Event "18th Chefchaouen Open 2019"]
[Site "Chefchaouen"]
[Date "2019.07.16"]
[Round "3.4"]
[White "Buscara, Sevan"]
[Black "Zrikem, Nassim"]
[Result "1-0"]
[WhiteElo "2404"]
[BlackElo "2090"]
[Annotator "TA"]
[PlyCount "81"]
[EventDate "2019.07.15"]
[EventType "swiss"]
[EventCountry "MAR"]
[SourceTitle "playchess.com"]
[Source "ChessBase"]
[SourceQuality "1"]

{[%evp 15,81,22,26,28,29,26,43,22,16,16,14,14,12,5,18,24,9,-19,-14,-30,-15,-44,-5,-10,-14,-63,-32,-35,-33,-29,-26,-32,-27,-47,-53,-48,-50,-50,-29,-87,-85,-189,-95,-72,-57,-54,72,76,72,76,75,69,68,68,58,45,151,177,200,202,218,218,239,235,752,575,745,741]} 1. e4 e5 2. Nf3 Nc6 3. Bc4 Nf6 4. d3 Be7 5. O-O O-O 6. Re1 d6 7. a4 Be6 8. a5 a6 9. h3 {C55: Two Knights: 4 d3, 4 d4 exd4 5 e5 and Max Lange Attack} (9. Nbd2 Qd7 10. c3 h6 11. Qb3 Rab8 12. h3 Kh8 13. Nf1 Nh5 14. d4 Bxc4 15. Qxc4 f5 16. dxe5 Nxe5 17. Qe2 Ng6 18. exf5 Rxf5 {½-½ (44) Heberla,B (2558)-Wang,H (2706) Czech Republic 2018}) 9... Re8 10. Ng5 $146 ({Predecessor:} 10. Nc3 Nd4 11. Nxd4 exd4 12. Bxe6 fxe6 13. Ne2 c5 14. c3 dxc3 15. bxc3 {1-0 (90) Chigaev,M (2578)-Domogaev,S (2395) Pardubice 2017}) 10... d5 11. Nxe6 {White is slightly better.} fxe6 12. Bb3 dxe4 13. dxe4 Qxd1 $1 14. Rxd1 Bb4 15. Ba4 Red8 16. Rf1 Nxa5 17. c3 Be7 $36 {[%mdl 2048] Black has the initiative.} 18. b4 Nc4 19. Bb3 b5 20. Na3 (20. Bxc4 {keeps more tension.} bxc4 21. Nd2 c5 22. bxc5 Bxc5 23. Ra4) 20... Nxe4 21. Nxc4 bxc4 22. Bxc4 {[%mdl 64] Double Attack} Nxc3 23. Bxe6+ Kh8 24. Re1 Bxb4 25. Bg5 Rf8 26. Rxe5 a5 27. Rc1 (27. Bd7 $11) 27... Rfe8 $17 28. f4 (28. Bd2 $17 Na2 {[%mdl 64] Pin} 29. Rc2 Bxd2 30. Rxa2) 28... h6 (28... a4 $19 {Hoping for ...a3.} 29. Bh4 a3) 29. Bh4 Bd6 30. Ree1 Bxf4 (30... Nb5 $15) 31. Rxc3 $16 Bd2 {[%mdl 64] [#] Double Attack} 32. Rc6 $1 {aiming for Ra1.} Bxe1 33. Bxe1 a4 {Threatens to win with ...a3.} 34. Bc3 {[%mdl 1024] And now Bf7! would win. White has compensation.} Re7 $1 35. Bb4 Ree8 {[#]} (35... Rxe6 $1 $14 36. Rxe6 a3) 36. Bf7 $1 {Strongly threatening Bc3!} Re3 {[#]} 37. Bc3 $1 {[%cal Rc6h6][%mdl 512]} Kh7 38. Bg6+ Kh8 39. Rxc7 a3 $2 (39... Rxc3 40. Rxc3 a3) 40. Bxg7+ $18 {[%mdl 64] Double Attack} Kg8 41. Bd4 {Accuracy: White = 63%, Black = 37%.} 1-0

[Event "18th Chefchaouen Open 2019"]
[Site "Chefchaouen"]
[Date "2019.07.16"]
[Round "3.5"]
[White "Chorfi, Khaled"]
[Black "Duzhakov, Ilya"]
[Result "0-1"]
[WhiteElo "2065"]
[BlackElo "2383"]
[Annotator "RC"]
[PlyCount "98"]
[EventDate "2019.07.15"]
[EventType "swiss"]
[EventCountry "MAR"]
[SourceTitle "playchess.com"]
[Source "ChessBase"]
[SourceQuality "1"]
[TimeControl "5400+30"]

1. c4 {[%emt 0:00:00]} Nf6 {[%emt 0:00:58]} 2. g3 {[%emt 0:01:07]} e6 {[%emt 0:00:41]} 3. Bg2 {[%emt 0:00:20]} d5 {[%emt 0:00:08]} 4. Nf3 {[%emt 0:02:40]} Be7 {[%emt 0:03:28]} 5. b3 {[%emt 0:04:20]} c5 {[%emt 0:07:05]} 6. Bb2 {[%emt 0:04:33]} d4 {[%emt 0:06:25]} 7. d3 {[%emt 0:06:18]} Nc6 {[%emt 0:01:47]} 8. Nbd2 {[%emt 0:03:47]} O-O {[%emt 0:01:05]} 9. O-O {[%emt 0:00:36]} e5 {[%emt 0:05:59]} 10. a3 {[%emt 0:07:09]} h6 {[%emt 0:03:21]} 11. Ne1 {[%emt 0:13:57]} Bf5 {[%emt 0:08:15]} 12. Ne4 {[%emt 0:02:06]} Qd7 {[%emt 0:08:05]} 13. Nxf6+ {[%emt 0:08:42]} Bxf6 {[%emt 0:00:31]} 14. e4 {[%emt 0:00:09]} dxe3 {[%emt 0:04:30]} 15. fxe3 {[%emt 0:00:18]} Rad8 {[%emt 0:01:11]} 16. e4 {[%emt 0:04:40]} Bg4 {[%emt 0:05:55]} 17. Bf3 {[%emt 0:00:56]} Bh3 {[%emt 0:02:15]} 18. Bg2 {[%emt 0:04:49]} Be6 {[%emt 0:01:24]} 19. Kh1 {[%emt 0:00:41]} Bg5 {[%emt 0:02:17]} 20. Qe2 {[%emt 0:04:51]} Rde8 {[%emt 0:19:31]} 21. b4 {[%emt 0:03:56]} cxb4 {[%emt 0:06:19]} 22. axb4 {[%emt 0:00:16]} Nxb4 {[%emt 0:01:04]} 23. Rxa7 {[%emt 0:04:31]} Ra8 {[%emt 0:00:47]} 24. Rxa8 {[%emt 0:02:27]} Rxa8 {[%emt 0:00:02]} 25. Bc3 {[%emt 0:02:22]} Ra2 {[%emt 0:05:39]} 26. Qd1 {[%emt 0:00:18]} Nc6 {[%emt 0:00:25]} 27. Qb1 {[%emt 0:00:45]} Ra8 {[%emt 0:01:35]} 28. Qb2 {[%emt 0:06:31]} f6 {[%emt 0:00:10]} 29. Qf2 {[%emt 0:02:27]} Bc1 {[%emt 0:01:21]} 30. Nf3 {[%emt 0:00:39]} Ba3 {[%emt 0:00:01]} 31. Qc2 {[%emt 0:02:06]} Bc5 {[%emt 0:00:41]} 32. Ne1 {[%emt 0:04:07]} b6 {[%emt 0:01:22]} 33. h4 {[%emt 0:00:31]} Ra6 {[%emt 0:00:50]} 34. Nf3 {[%emt 0:00:31]} Qa7 {[%emt 0:00:25]} 35. Rb1 {[%emt 0:00:20]} Qd7 {[%emt 0:00:48]} 36. Kh2 {[%emt 0:00:10]} Ra8 {[%emt 0:00:10]} 37. Qe2 {[%emt 0:00:41]} Rd8 {[%emt 0:00:04]} 38. Ne1 {[%emt 0:00:08]} Ra8 {[%emt 0:01:29]} 39. Qb2 {[%emt 0:02:36]} Kh7 {[%emt 0:00:28]} 40. Qe2 {[%emt 0:00:13]} Ra3 {[%emt 0:00:27]} 41. Rc1 {[%emt 0:00:22]} Bd4 {[%emt 0:00:16]} 42. Bd2 {[%emt 0:00:32]} Ra2 {[%emt 0:00:15]} 43. Rc2 {[%emt 0:00:12]} Bg1+ {[%emt 0:00:55]} 44. Kxg1 {[%emt 0:00:15]} Nd4 {[%emt 0:00:01]} 45. Qd1 {[%emt 0:00:40]} Nxc2 {[%emt 0:00:01]} 46. Qb1 {[%emt 0:01:13]} Qd4+ {[%emt 0:00:45]} 47. Kh2 {[%emt 0:00:20]} Nxe1 {[%emt 0:00:07]} 48. Bxe1 {[%emt 0:00:43]} Ra1 {[%emt 0:00:14]} 49. Qb4 {[%emt 0:00:06]} Qe3 {[%emt 0:00:26]} 0-1

[Event "18th Chefchaouen Open 2019"]
[Site "Chefchaouen"]
[Date "2019.07.16"]
[Round "3.6"]
[White "Gorbatov, Alexej"]
[Black "Alami, Halim"]
[Result "*"]
[WhiteElo "2374"]
[BlackElo "2041"]
[Annotator "ChessBase"]
[PlyCount "47"]
[EventDate "2019.07.15"]
[EventType "swiss"]
[EventCountry "MAR"]
[SourceTitle "playchess.com"]
[Source "ChessBase"]
[SourceQuality "1"]
[TimeControl "5400+30"]

1. e4 {[%emt 1:30:30]} d5 {[%emt 1:30:30]} 2. exd5 {[%emt 0:00:30]} Qxd5 {[%emt 0:00:30]} 3. Nc3 {[%emt 0:00:30]} Qa5 {[%emt 0:00:30]} 4. Bc4 {[%emt 0:00:30]} Nf6 {[%emt 0:00:30]} 5. h3 {[%emt 0:00:30]} Bf5 {[%emt 0:00:30]} 6. Nf3 {[%emt 0:00:30]} e6 {[%emt 0:00:30]} 7. O-O {[%emt 0:00:30]} Be7 {[%emt 0:00:30]} 8. d3 {[%emt 0:00:30]} c6 {[%emt 0:00:30]} 9. Bd2 {[%emt 0:00:30]} Qc7 {[%emt 0:00:30]} 10. Nd4 {[%emt 0:00:30]} O-O {[%emt 0:00:30]} 11. Nxf5 {[%emt 0:00:30]} exf5 {[%emt 0:00:30]} 12. Qf3 {[%emt 0:00:30]} g6 {[%emt 0:00:30]} 13. Rae1 {[%emt 0:00:30]} Kg7 {[%emt 0:00:30]} 14. Bg5 {[%emt 0:00:30]} h6 {[%emt 0:00:30]} 15. Bxh6+ {[%emt 0:00:30]} Kxh6 {[%emt 0:00:30]} 16. Qe3+ {[%emt 0:00:30]} Kg7 {[%emt 0:00:30]} 17. Qxe7 {[%emt 0:00:30]} Qxe7 {[%emt 0:00:30]} 18. Re3 {[%emt 0:00:30]} Qe6 19. Rxe6 Nbd7 {[%emt 0:01:00]} 20. Re7 Rad8 {[%emt 0:00:30]} 21. a3 Ng8 {[%emt 0:00:30]} 22. Rfe1 Ngf6 {[%emt 0:00:30]} 23. R7e2 Rfe8 {[%emt 0:00:30]} 24. Ba2 *

[Event "18th Chefchaouen Open 2019"]
[Site "Chefchaouen"]
[Date "2019.07.16"]
[Round "3.6"]
[White "Gorbatov, Alexej"]
[Black "Alami, Halim"]
[Result "1-0"]
[WhiteElo "2374"]
[BlackElo "2041"]
[Annotator "RC"]
[PlyCount "109"]
[EventDate "2019.07.15"]
[EventType "swiss"]
[EventCountry "MAR"]
[SourceTitle "playchess.com"]
[Source "ChessBase"]
[SourceQuality "1"]
[TimeControl "5400+30"]

1. e4 {[%emt 1:30:30]} d5 {[%emt 1:30:30]} 2. exd5 {[%emt 0:00:30]} Qxd5 {[%emt 0:00:30]} 3. Nc3 {[%emt 0:00:30]} Qa5 {[%emt 0:00:30]} 4. Bc4 {[%emt 0:00:30]} Nf6 {[%emt 0:00:30]} 5. h3 {[%emt 0:00:30]} Bf5 {[%emt 0:00:30]} 6. Nf3 {[%emt 0:00:30]} e6 {[%emt 0:00:30]} 7. O-O {[%emt 0:00:30]} Be7 {[%emt 0:00:30]} 8. d3 {[%emt 0:00:30]} c6 {[%emt 0:00:30]} 9. Bd2 {[%emt 0:00:30]} Qc7 {[%emt 0:00:30]} 10. Nd4 {[%emt 0:00:30]} O-O {[%emt 0:00:30]} 11. Nxf5 {[%emt 0:00:30]} exf5 {[%emt 0:00:30]} 12. Qf3 {[%emt 0:00:30]} g6 {[%emt 0:00:30]} 13. Rae1 {[%emt 0:00:30]} Kg7 {[%emt 0:00:30]} 14. Bg5 {[%emt 0:00:30]} h6 {[%emt 0:00:30]} 15. Bxh6+ {[%emt 0:00:30]} Kxh6 {[%emt 0:00:30]} 16. Qe3+ {[%emt 0:00:30]} Kg7 {[%emt 0:00:30]} 17. Qxe7 {[%emt 0:00:30]} Qxe7 {[%emt 0:00:30]} 18. Rxe7 Nbd7 {[%emt 0:00:30]} 19. a3 {[%emt 0:01:00]} Rad8 {[%emt 0:00:30]} 20. Rfe1 {[%emt 0:00:30]} Ng8 {[%emt 0:00:30]} 21. R7e2 {[%emt 0:00:30]} Ngf6 {[%emt 0:00:30]} 22. Ba2 {[%emt 0:00:30]} Rfe8 {[%emt 0:00:30]} 23. Rxe8 {[%emt 0:00:30]} Rxe8 {[%emt 0:00:30]} 24. Rxe8 {[%emt 0:00:30]} Nxe8 {[%emt 0:00:30]} 25. f4 {[%emt 0:00:30]} Nd6 {[%emt 0:00:30]} 26. Kf2 {[%emt 0:00:30]} Kh6 {[%emt 0:00:30]} 27. Ke3 {[%emt 0:00:30]} Kg7 {[%emt 0:00:30]} 28. b4 {[%emt 0:00:30]} Kf6 {[%emt 0:00:30]} 29. Bb3 {[%emt 0:00:30]} Ke7 {[%emt 0:00:30]} 30. Nb1 {[%emt 0:00:30]} Kd8 {[%emt 0:00:30]} 31. Nd2 {[%emt 0:00:30]} b6 {[%emt 0:00:30]} 32. Nf3 {[%emt 0:00:30]} f6 {[%emt 0:00:30]} 33. Nd4 {[%emt 0:00:30]} c5 {[%emt 0:00:30]} 34. Nc6+ {[%emt 0:00:30]} Kc7 {[%emt 0:00:30]} 35. Ne7 {[%emt 0:00:30]} Nf8 {[%emt 0:00:30]} 36. bxc5 {[%emt 0:00:30]} bxc5 {[%emt 0:00:30]} 37. Nd5+ {[%emt 0:00:30]} Kd8 {[%emt 0:00:30]} 38. Nxf6 {[%emt 0:00:30]} Nb5 {[%emt 0:00:30]} 39. a4 {[%emt 0:00:30]} Nd4 {[%emt 0:00:30]} 40. Kd2 {[%emt 0:00:30]} Ke7 {[%emt 0:00:30]} 41. Nd5+ {[%emt 0:00:30]} Kd6 {[%emt 0:00:30]} 42. Ne3 {[%emt 0:00:30]} Ke7 {[%emt 0:00:30]} 43. Bc4 {[%emt 0:00:30]} Kf6 {[%emt 0:00:30]} 44. c3 {[%emt 0:00:30]} Nde6 {[%emt 0:00:30]} 45. Nd5+ {[%emt 0:00:30]} Kg7 {[%emt 0:00:30]} 46. Ke3 {[%emt 0:00:30]} g5 {[%emt 0:00:30]} 47. fxg5 {[%emt 0:00:30]} Ng6 {[%emt 0:00:30]} 48. g3 {[%emt 0:00:30]} Nxg5 {[%emt 0:00:30]} 49. Nf4 {[%emt 0:00:30]} Ne5 {[%emt 0:00:30]} 50. Bd5 {[%emt 0:00:30]} Kf6 {[%emt 0:00:30]} 51. d4 {[%emt 0:00:30]} Nd7 {[%emt 0:00:30]} 52. a5 {[%emt 0:00:30]} cxd4+ {[%emt 0:00:30]} 53. Kxd4 {[%emt 0:00:30]} Ke7 {[%emt 0:00:30]} 54. h4 {[%emt 0:00:30]} Nf7 {[%emt 0:00:30]} 55. Ng6+ {[%emt 0:00:30]} 1-0

[Event "18th Chefchaouen Open 2019"]
[Site "Chefchaouen"]
[Date "2019.07.17"]
[Round "4.1"]
[White "Gorbatov, Alexej"]
[Black "Korneev, Oleg"]
[Result "0-1"]
[WhiteElo "2374"]
[BlackElo "2523"]
[Annotator "TA"]
[PlyCount "128"]
[EventDate "2019.07.15"]
[EventType "swiss"]
[EventCountry "MAR"]
[SourceTitle "playchess.com"]
[Source "ChessBase"]
[SourceQuality "1"]

{[%evp 10,128,33,0,7,0,12,5,48,31,50,66,75,20,34,18,38,39,51,37,68,78,83,65,73,69,87,82,151,133,155,102,92,41,41,26,30,25,24,29,43,8,33,0,0,-27,0,0,0,0,0,0,0,0,0,0,0,-21,-8,-8,-8,-8,-8,-8,-5,-15,0,0,0,0,0,0,0,0,0,-15,-16,-33,-15,-15,-15,-40,-15,-15,0,0,0,0,0,-599,-599,-588,-584,-29953,-29960,-29957,-29961,-29972,-29967,-29966,-29969,-29968,-29970,-29970,-29971,-29971,-29972,-29972,-29973,-29973,-29973,-29972,-29974,-29973,-29977,-29977,-29978,-29976,-29977,-29984,-29985]} 1. e4 c5 2. Nf3 e6 3. d4 cxd4 4. Nxd4 a6 5. Be3 Nf6 6. Nd2 d6 {B41: Sicilian: Kan Variation: 5 c4} 7. Qf3 Be7 $146 ({Predecessor:} 7... Qa5 8. a3 Nbd7 9. O-O-O Qh5 10. Qg3 Qg4 11. f3 Qxg3 12. hxg3 d5 13. exd5 Nxd5 14. Bf2 h6 15. Ne4 N7f6 16. Nxf6+ Nxf6 17. Nb3 Be7 {½-½ (17) Groszpeter,A (2554)-Sax,G (2506) Nyiregyhaza 2008}) 8. O-O-O O-O {The position is equal.} 9. g4 Nfd7 10. h4 Nc6 11. g5 (11. Nxc6 $16 bxc6 12. Kb1) 11... Nxd4 $11 12. Bxd4 e5 13. Be3 $36 {[%mdl 2048] White is more active.} b5 14. Qg3 Bb7 15. h5 f5 16. gxf6 $1 Bxf6 17. Bh3 Qe7 $1 18. Bf5 Rfd8 ({Black should try} 18... Nc5) 19. Nf3 Nf8 20. Bb6 (20. Kb1 $142) 20... Rdc8 $16 21. Qg4 (21. Nh2 $16) 21... Rc6 $14 22. Ba5 Bc8 23. Kb1 Bxf5 24. Qxf5 Rac8 25. Rd2 Qe6 26. Qxe6+ Nxe6 27. b3 Ng5 (27... Nc5 {with more complications.} 28. Re2 Rf8 29. Bb4 Bd8 30. Nh4 Bg5) 28. Nxg5 Bxg5 29. Re2 Kf7 30. Bb4 Ke6 31. Rg1 Bh6 32. Kb2 Rf8 33. Bd2 Bxd2 34. Rxd2 $11 {[%mdl 4096] Endgame KRR-KRR} Rc7 35. Rg3 Rf4 36. f3 Rh4 37. Rdg2 Rxh5 38. Rxg7 Rxg7 39. Rxg7 {KR-KR} Rh3 40. Ra7 h5 41. Rxa6 Rxf3 42. c4 bxc4 43. bxc4 Kd7 44. c5 dxc5 {With the idea ...Rf4.} 45. Rh6 Rh3 46. a4 $1 Rh1 47. a5 h4 {[#] White must now prevent ...h3.} 48. a6 Kc7 49. Rh7+ $2 {[%mdl 8192]} (49. Re6 $11) 49... Kb8 $19 50. Rb7+ Ka8 51. Rc7 h3 {Black mates.} 52. Rxc5 h2 53. Rc8+ Ka7 54. Rh8 Kxa6 55. Rh5 Kb6 56. Ka2 Kc6 57. Kb2 Kd6 58. Ka2 Ke6 59. Rh6+ Kf7 60. Kb2 Kg7 61. Rh5 Kg6 62. Rh8 Kg5 63. Rh7 Kf4 64. Rh4+ Kg3 {Accuracy: White = 54%, Black = 60%.} 0-1

[Event "18th Chefchaouen Open 2019"]
[Site "Chefchaouen"]
[Date "2019.07.17"]
[Round "5.1"]
[White "Korneev, Oleg"]
[Black "Duzhakov, Ilya"]
[Result "1/2-1/2"]
[WhiteElo "2523"]
[BlackElo "2383"]
[Annotator "ChessBase"]
[PlyCount "92"]
[EventDate "2019.07.15"]
[EventType "swiss"]
[EventCountry "MAR"]
[SourceTitle "playchess.com"]
[Source "ChessBase"]
[SourceQuality "1"]
[TimeControl "5400+30"]

1. e4 {[%emt 0:14:20]} c5 {[%emt 0:00:00]} 2. Nf3 {[%emt 0:00:06]} d6 {[%emt 0:00:00]} 3. d4 {[%emt 0:00:01]} cxd4 {[%emt 0:00:03]} 4. Nxd4 {[%emt 0:00:01]} Nf6 {[%emt 0:00:10]} 5. Nc3 {[%emt 0:00:02]} a6 {[%emt 0:00:08]} 6. f3 {[%emt 0:00:02]} e5 {[%emt 0:00:23]} 7. Nb3 {[%emt 0:00:09]} Be6 {[%emt 0:01:03]} 8. Be3 {[%emt 0:00:03]} Be7 {[%emt 0:00:07]} 9. Qd2 {[%emt 0:00:02]} O-O {[%emt 0:00:10]} 10. O-O-O {[%emt 0:00:04]} Nbd7 {[%emt 0:00:04]} 11. g4 {[%emt 0:00:06]} b5 {[%emt 0:00:06]} 12. Kb1 {[%emt 0:00:03]} b4 {[%emt 0:03:07]} 13. Nd5 {[%emt 0:01:04]} Bxd5 {[%emt 0:00:29]} 14. exd5 {[%emt 0:00:03]} Nb6 {[%emt 0:02:30]} 15. Na5 {[%emt 0:44:37]} Nbxd5 {[%emt 0:04:25]} 16. Nc6 {[%emt 0:01:29]} Qc7 {[%emt 0:01:36]} 17. Nxe7+ {[%emt 0:00:09]} Qxe7 {[%emt 0:00:50]} 18. Bg5 {[%emt 0:09:31]} Qc7 {[%emt 0:34:15]} 19. Bd3 {[%emt 0:03:12]} Rab8 {[%emt 0:15:20]} 20. Ka1 {[%emt 0:04:52]} Rb6 {[%emt 0:02:10]} 21. h4 {[%emt 0:00:20]} a5 {[%emt 0:08:05]} 22. h5 {[%emt 0:00:51]} a4 {[%emt 0:01:02]} 23. Bxf6 {[%emt 0:02:05]} Nxf6 {[%emt 0:00:17]} 24. g5 {[%emt 0:00:06]} Ne8 {[%emt 0:01:22]} 25. Be4 {[%emt 0:05:07]} f5 {[%emt 0:00:38]} 26. Bd5+ {[%emt 0:00:25]} Kh8 {[%emt 0:00:02]} 27. h6 {[%emt 0:00:14]} g6 {[%emt 0:01:35]} 28. f4 {[%emt 0:00:03]} Qc5 {[%emt 0:00:58]} 29. b3 {[%emt 0:08:35]} Nc7 {[%emt 0:09:01]} 30. bxa4 {[%emt 0:00:03]} Nxd5 {[%emt 0:06:50]} 31. Qxd5 {[%emt 0:00:02]} Qxc2 {[%emt 0:00:16]} 32. Rc1 {[%emt 0:00:31]} Qe4 {[%emt 0:00:21]} 33. Qxe4 {[%emt 0:01:12]} fxe4 {[%emt 0:00:02]} 34. fxe5 {[%emt 0:00:15]} dxe5 {[%emt 0:00:05]} 35. Rhe1 {[%emt 0:00:31]} Ra6 {[%emt 0:01:07]} 36. Rxe4 {[%emt 0:00:27]} Rxa4 {[%emt 0:00:03]} 37. Rc7 {[%emt 0:01:08]} Raa8 {[%emt 0:06:11]} 38. Rxb4 {[%emt 0:01:17]} Rac8 {[%emt 0:00:06]} 39. Rxc8 {[%emt 0:00:42]} Rxc8 {[%emt 0:00:01]} 40. a4 {[%emt 0:00:31]} Kg8 {[%emt 0:00:05]} 41. Rb7 {[%emt 0:01:48]} Ra8 {[%emt 0:01:16]} 42. Kb2 {[%emt 0:03:39]} Rxa4 {[%emt 0:00:49]} 43. Rg7+ {[%emt 0:00:12]} Kh8 {[%emt 0:00:08]} 44. Re7 {[%emt 0:00:06]} Ra8 {[%emt 0:00:42]} 45. Kc3 {[%emt 0:00:11]} Rd8 {[%emt 0:00:21]} 46. Rxe5 {[%emt 0:00:05]} Kg8 {[%emt 0:04:41]} 1/2-1/2

[Event "18th Chefchaouen Open 2019"]
[Site "Chefchaouen"]
[Date "2019.07.17"]
[Round "5.2"]
[White "Flom, Gabriel"]
[Black "Levin, Evgeny A."]
[Result "1/2-1/2"]
[WhiteElo "2494"]
[BlackElo "2504"]
[Annotator "TA"]
[PlyCount "96"]
[EventDate "2019.07.15"]
[EventType "swiss"]
[EventCountry "MAR"]
[SourceTitle "playchess.com"]
[Source "ChessBase"]
[SourceQuality "1"]

{[%evp 16,96,8,-3,11,15,16,-7,8,9,12,12,23,23,32,32,50,47,100,37,41,51,49,41,52,48,44,27,49,46,41,41,40,37,29,0,0,0,0,0,0,16,12,0,0,0,16,6,25,6,2,0,0,0,16,16,20,20,21,0,0,0,0,0,0,-16,0,0,0,0,0,0,0,0,0,0,0,0,0,0,0,0,0]} 1. d4 Nf6 2. c4 e6 3. Nc3 Bb4 4. f3 d5 5. a3 Bxc3+ 6. bxc3 c5 7. cxd5 Nxd5 8. dxc5 f5 9. Nh3 Qa5 {E25: Nimzo-Indian: Sämisch: 5...c5 6 f3 d5 7 cxd5} (9... O-O 10. Nf4 Nxc3 11. Qc2 Nd5 12. Nxd5 exd5 13. Bb2 Nc6 14. e3 Be6 15. Bb5 Na5 16. Rb1 Nc4 17. Bxc4 dxc4 {½-½ (17) Adhiban,B (2695)-Kunte,A (2469) Makati 2018}) 10. e4 fxe4 11. fxe4 Nf6 12. Be2 O-O 13. O-O {[#]} Nc6 $146 ({Reject} 13... Qxc3 14. Bf4 $16) ({Predecessor:} 13... Qxc5+ 14. Kh1 Nc6 15. a4 Qxc3 16. Ra3 Qa5 17. Rd3 {½-½ (70) Harika,D (2512)-Zhao,X (2565) Khanty-Mansiysk 2012}) 14. Qd3 Qxc5+ 15. Be3 Qe7 16. Qc4 Ne5 {[#]} (16... Na5 $14 17. Qb4 Nc6 18. Qxe7 Nxe7) 17. Qc5 ({Better is} 17. Qb5 $1 $16 {[%cal Rb5e5]} Ned7 18. Ng5) 17... Qxc5 $14 18. Bxc5 Re8 19. Bd4 Nfd7 20. Nf4 b6 21. Bb5 a6 22. Ba4 {Hoping for Nxe6.} b5 23. Bb3 Nc4 {With the idea ...e5.} 24. a4 {[#] Nxe6! is the strong threat.} Bb7 25. axb5 axb5 26. Rxa8 Bxa8 27. e5 g5 28. Bxc4 $1 bxc4 29. Nh3 h6 30. Nf2 Bc6 31. Ng4 Kg7 32. Ne3 Ra8 {The position is equal.} 33. h4 gxh4 34. Rf4 h3 35. gxh3 Ra1+ 36. Kf2 Ra2+ 37. Ke1 Rh2 38. Rg4+ Kh7 39. Rh4 Kg6 40. Nxc4 Bf3 {aiming for ...Kg5.} 41. Rf4 Rxh3 42. Nd6 Bc6 43. Kf2 Rh2+ 44. Kg3 Re2 45. Nc8 {Threatens to win with Ne7+.} Bb7 46. Ne7+ Kg5 {Strongly threatening ...Rg2+.} 47. Rg4+ Kh5 {And now ...Rg2+ would win.} 48. Rh4+ Kg5 {Accuracy: White = 79%, Black = 62%.} 1/2-1/2